Flags of A Diverse World - Statistics

General Stats
  • This quiz has been taken 15 times
  • The average score is 82 of 95
Answer Stats
Picture Answer % Correct
Albania
100%
Argentina
100%
Austria
100%
Belgium
100%
Bulgaria
100%
Croatia
100%
Czechia
100%
Denmark
100%
Estonia
100%
Finland
100%
France
100%
Greece
100%
Hungary
100%
Italy
100%
Malta
100%
Netherlands
100%
Norway
100%
Poland
100%
Portugal
100%
Romania
100%
Russia
100%
Spain
100%
Sweden
100%
Andorra
90%
Australia
90%
Belarus
90%
Brazil
90%
Canada
90%
Chile
90%
Colombia
90%
Costa Rica
90%
Ecuador
90%
Egypt
90%
Iceland
90%
Ireland
90%
Israel
90%
Japan
90%
Kenya
90%
Lebanon
90%
Luxembourg
90%
Malaysia
90%
Mexico
90%
Monaco
90%
New Zealand
90%
Nigeria
90%
North Macedonia
90%
Pakistan
90%
Peru
90%
San Marino
90%
Serbia
90%
Slovakia
90%
Slovenia
90%
South Africa
90%
South Korea
90%
Switzerland
90%
Tunisia
90%
Turkey
90%
Ukraine
90%
United Kingdom
90%
United States
90%
Uruguay
90%
Bangladesh
80%
Ghana
80%
India
80%
Indonesia
80%
Latvia
80%
Mongolia
80%
Montenegro
80%
Nepal
80%
Paraguay
80%
Philippines
80%
Qatar
80%
Senegal
80%
Sri Lanka
80%
Thailand
80%
Uganda
80%
Bhutan
70%
Bolivia
70%
Cambodia
70%
Dominican Republic
70%
Eswatini
70%
Guatemala
70%
Jordan
70%
Kyrgyzstan
70%
Lithuania
70%
Mali
70%
Singapore
70%
Taiwan
70%
United Arab Emirates
70%
Vanuatu
70%
Botswana
60%
Laos
60%
Lesotho
60%
Madagascar
60%
Rwanda
60%
No matching quizzes found
Score Distribution
Percent of People with Each Score
Percentile by Number Answered
Your Score History
You have not taken this quiz